000 00494nam a2200133 a 4500
008 120416s1965 ||||||||||||||||| || u
050 _aDS 777.S5 Myr
100 _aMyrdal, Jan
245 1 0 _aReport from a Chinese village
260 _aNew York
_bPantheon Books
_c1965
300 _axxxiv, 373p. : ill.
350 _a0.00
995 _D0.00
_FCBU-MAIN LIBRARY (Kitwe)
_H1
_I0.00
_M1
_UAVAILABLE
_WJul 24, 2006
_ZMain Library Open Access Collection
999 _c56075
_d56075